000
00334nam a2200145Ia 4500
005
20251222152655.0
008
251222s9999||||xx |||||||||||||| ||spa||
020
_a
8447318818
082
_a
828.9/B65
100
_a
Blyton, Enid
245
0
_a
Los Cinco y El Tesoro de la Isla
250
_a
1ra. ed.
264
_b
RBA
942
_c
LIB
999
_c
28617
_d
28617